Vývoj konjunktury a cen vybraných surovin na světových trzích

Zvýšenie svetových cien za 1. štvrťrok 1994 o 2.3

Enregistré dans:
Détails bibliographiques
Format: Chapitre de livre
Langue:tchèque
Sujets:
Tags: Ajouter un tag
Pas de tags, Soyez le premier à ajouter un tag!

MARC

LEADER 00000naa a2200000 4500
001 r023839
005 20221205090503.5
041 0 |a cze 
044 |a CZ 
245 1 0 |a Vývoj konjunktury a cen vybraných surovin na světových trzích 
520 |a Zvýšenie svetových cien za 1. štvrťrok 1994 o 2.3 
520 |a . Vývoj cien jednotlivých komoditných skupín bol diferencovaný. Energetické suroviny ( ropa, plyn, uhlie ), železné kovy, neželezné kovy, drahé kovy, priemyselné suroviny poľnohospodárskeho pôvodu ( bavlna, kaučuk ), potravinárske suroviny ( pšenica, kukurica, ryža, cukor, káva, kakao ap.). Cenové indexy. 
610 2 0 |a konjunktúra 
610 2 0 |a trh svetový 
610 2 0 |a ceny 
610 2 0 |a suroviny 
610 2 0 |a kovy železné 
610 2 0 |a kovy neželezné 
610 2 0 |a kovy drahé 
610 2 0 |a plyn 
610 2 0 |a ropa 
610 2 0 |a uhlie 
610 2 0 |a výrobky rastlinné 
610 2 0 |a potraviny 
610 2 0 |a indexy cenové